00925nam a22003017a 4500001000700000003000900007005001700016007000700033008003400040020001500074040002200089082001700111100004300128245012100171250001200292260003600304300003500340490002600375490000900401500002600410521003000436586003600466700002800502700003100530700002700561830002600588830000900614000593DO-SdBNP20180118113036.0000593151005b1995 sp a b 00| 0 spa d a8434827085 aBPMSUbspacBPMSU axxxxxbxxxxx1 aMerino Agudo, Jesús María, d1944-10aEl "Celeste" /cJesús Ma. Merino Agudo ; ilustración Toño Benavides ; colección dirigida por Marinella Terzi a5a. ed. aMadrid :bEdiciones SM, c1995. a136 p. :bil. mapas ; c19 cm.1 aEl barco de vaporv541 aRoja aA partir de 12 años1 aA partir de los 12 años aPremio El Barco de Vapor, 1988.12aBenavides, Toño,eil.12aOlasagasti, Manuel,etrad.12aTerzi, Marinellaedir. 0aBarco de vapor ; v54 0aRoja